书目信息 |
| 题名: |
在他们消失以前
|
|
| 作者: | 纳尔逊 著 ;张卉 译 | |
| 分册: | ||
| 出版信息: | 长沙 湖南文艺出版社 2019.03 |
|
| 页数: | 279页彩图, | |
| 开本: | 29cm | |
| 丛书名: | ||
| 单 册: | ||
| 中图分类: | J431 | |
| 科图分类: | ||
| 主题词: | 摄影集--she ying ji--英国--现代 | |
| 电子资源: | ||
| ISBN: | 978-7-5404-8900-7 | |
| 000 | 01166nam0 2200265 450 | |
| 001 | 202020141191 | |
| 005 | 20200926181358.0 | |
| 010 | @a978-7-5404-8900-7@b精装@dCNY158.00 | |
| 100 | @a20200919d2019 em y0chiy50 ea | |
| 101 | 1 | @achi@ceng |
| 102 | @aCN@b430000 | |
| 105 | @aab z 000yy | |
| 106 | @ar | |
| 200 | 1 | @a在他们消失以前@Azai ta men xiao shi yi qian@f(英) 吉米·纳尔逊著@g张卉译 |
| 210 | @a长沙@c湖南文艺出版社@d2019.03 | |
| 215 | @a279页彩图, @c地图@d29cm | |
| 312 | @a英文题名取自封面 | |
| 330 | @a本书是英国摄影师吉米·尼尔森记录原始部落现状的一本摄影图文集。作者耗时3年, 走访地球上正在逐渐消失的原始部落, 记录了存在于世界各个角落的20个部落的最后族人的影像, 同时配以简单的文字说明和介绍。本书旨在展现人类与自然的共生关系, 唤起对行将消失的部落文明的思考与审视, 命题宏大。其中包含大量高清摄影图片, 真实展现了地球各个角落原始部落的一手资料, 具有重要的研究价值和欣赏价值。 | |
| 500 | 10 | @aBefore they pass away@mChinese |
| 606 | 0 | @a摄影集@Ashe ying ji@y英国@z现代 |
| 690 | @aJ431@v5 | |
| 701 | 1 | @a纳尔逊@Ana er xun@g(Nelson, Jimmy)@4著 |
| 702 | 0 | @a张卉@Azhang hui@4译 |
| 801 | 0 | @aCN@c20190323 |
| 905 | @a河南城建学院图书馆@dJ431@eN023 | |
| 在他们消失以前/(英) 吉米·纳尔逊著/张卉译.-长沙:湖南文艺出版社,2019.03 |
| 279页彩图, :地图;29cm |
| ISBN 978-7-5404-8900-7(精装):CNY158.00 |
| 本书是英国摄影师吉米·尼尔森记录原始部落现状的一本摄影图文集。作者耗时3年, 走访地球上正在逐渐消失的原始部落, 记录了存在于世界各个角落的20个部落的最后族人的影像, 同时配以简单的文字说明和介绍。本书旨在展现人类与自然的共生关系, 唤起对行将消失的部落文明的思考与审视, 命题宏大。其中包含大量高清摄影图片, 真实展现了地球各个角落原始部落的一手资料, 具有重要的研究价值和欣赏价值。 |
| ● |
| 相关链接 |
|
|
|
正题名:在他们消失以前
索取号:J431/N023
 
预约/预借
| 序号 | 登录号 | 条形码 | 馆藏地/架位号 | 状态 | 备注 |
| 1 | 1491329 | 214913290 | 社科库309/309社科库 85排1列5层/ [索取号:J431/N023] | 在馆 |